000 00401cam a2200169ua 4500
020 _c4.50
041 _amal
_h
082 _a921
_bDAM/SW
100 _aDamodaran, N K .
245 _aSwami Vivekanandan /
_cN K Damodaran.
_hTextual Documents
260 _aNew Delhi :
_bSahitya Academy ,
_c1963.
300 _a234 ; .
365 _a4.50
504 _a
942 _cBK
999 _c4640
_d4640